The Fields and methods of social planning / (Record no. 18442)

000 -LEADER
fixed length control field 00530cam a2200193 a 4500
020 ## - INTERNATIONAL STANDARD BOOK NUMBER
ISBN 0312288417 :
040 ## - CATALOGING SOURCE
Transcribing agency DLC
082 00 - DEWEY DECIMAL CLASSIFICATION NUMBER
Classification number 361 SMP 1984 C145 Or.
245 04 - TITLE STATEMENT
Title The Fields and methods of social planning /
260 ## - PUBLICATION, DISTRIBUTION, ETC. (IMPRINT)
Place of publication New York :
Name of publisher St. Martin's Press,
Year of publication 1984.
300 ## - PHYSICAL DESCRIPTION
Number of Pages vii, 215 p. :
Other physical details ill. ;
Dimensions 23 cm.
500 ## - GENERAL NOTE
General note Includes index.
650 #0 - SUBJECT ADDED ENTRY--TOPICAL TERM
Topical Term Social planning.
650 #0 - SUBJECT ADDED ENTRY--TOPICAL TERM
Topical Term Public welfare.
650 #0 - SUBJECT ADDED ENTRY--TOPICAL TERM
Topical Term Social service literature.
700 1# - ADDED ENTRY--PERSONAL NAME
Personal name Midgley, James.
700 1# - ADDED ENTRY--PERSONAL NAME
Personal name Piachaud, David.
942 ## - ADDED ENTRY ELEMENTS (KOHA)
Koha item type ADB
952 ## - LOCATION AND ITEM INFORMATION (KOHA)
Withdrawn status [LOCAL, KOHA] 0
Holdings
Source of acquisition Permanent Location Date acquired Koha item type Lost status Shelving location Current Location Full call number
A36756Library Block C2019-12-02សៀវភៅភាសាអង់គ្លេស C145Library Block C361 SMP 1984 C145 Or.
មជ្ឈមណ្ឌលឯការនៃសាកលវិទ្យាល័យភូមិន្ទកសិកម្មចំការដូង

Powered by Koha